Countries with the most Michelin Star restaurants - Statistics

General Stats
  • This quiz has been taken 66 times
  • The average score is 18 of 20
Answer Stats
Number of
Restaurants
Country % Correct
235 United States
100%
332 Germany
98%
381 Italy
98%
267 Spain
98%
185 United Kingdom
98%
123 China
97%
680 France
97%
539 Japan
97%
39 Portugal
95%
132 Switzerland
92%
141 Belgium
90%
34 South Korea
90%
125 Poland
89%
119 Netherlands
87%
31 Denmark
85%
51 Singapore
80%
35 Thailand
79%
42 Taiwan
75%
420 United ArabEmirates
75%
25 Monaco
56%
No matching quizzes found
Score Distribution
Percent of People with Each Score
Percentile by Number Answered
Your Score History
You have not taken this quiz